000 00802pam a2200277 a 4500
008
020 _a0865427496 (pbk.)
040 _aMAIN
_cNUST
050 1 0 _aRD81GWI
100 1 _aGwinnutt, Carl L.
245 1 0 _aClinical anaesthesia /
_cCarl L. Gwinnutt.
250 _aInternational ed.
260 _aOxford [England] ;
_aCambridge, Mass., USA :
_bBlackwell Science,
_c1996.
300 _axii, 378 p. :
_bill. ;
_c22 cm.
504 _aIncludes bibliographical references.
500 _aIncludes Index
650 0 _aAnesthesiology.
650 1 2 _aAnesthesia
_xmethods.
650 2 2 _aAnesthetics.
650 2 2 _aPain
_xtherapy.
907 _a.b10254936
_b22-04-08
_c22-04-08
003
005 20230120203959.0
049 _aMAIN
942 _cBOOKS
999 _c114986
_d114986